Report of the Department of the Treasury on integration of the individual and corporate tax systems : taxing business income once.

Bibliographic Details
Corporate Author: United States. Department of the Treasury
Format: Government Document Book
Language:English
Published: Washington, DC : The Dept. : [1992]
Subjects:

MARC

Tag First Indicator Second Indicator Subfields
LEADER 00000cam a2200000 a 4500
001 in00001060708
005 20150929104535.0
008 920124s1992 dcua b f000 0 eng d
010 |a (DG92066638  
020 |a 0160360455 :  |c $14.00 
035 |a (OCoLC)25162786 
035 |9 AFP9085AM 
037 |a 048-000-00430-0  |b GPO 
040 |d ZDP  |d SLU  |d GPO  |d DLC  |d UtOrBLW 
043 |a n-us--- 
074 |a 925 
086 0 |a T 1.2:In 8/18 
090 |a KF6450  |b .A87 1992 
090 |a HJ4653.C7  |b R47 1992 
110 1 |a United States.  |b Department of the Treasury. 
245 1 0 |a Report of the Department of the Treasury on integration of the individual and corporate tax systems :  |b taxing business income once. 
264 1 |a Washington, DC :  |b The Dept. :  |c [1992] 
264 2 |a Washington, DC :  |b For sale by the U.S. G.P.O., Supt. of Docs., 
300 |a xviii, 268 pages :  |b illustrations ;  |c 28 cm. 
336 |a text  |b txt  |2 rdacontent 
337 |a unmediated  |b n  |2 rdamedia 
338 |a volume  |b nc  |2 rdacarrier 
500 |a Shipping list number: 92-0073-P. 
500 |a "January 1992." 
504 |a Includes bibliographical references: (pages 253-266). 
650 0 |a Business enterprises  |x Taxation  |z United States. 
650 0 |a Corporations  |x Taxation  |z United States. 
650 0 |a Income tax  |z United States. 
650 0 |a Tax administration and procedure  |z United States. 
740 0 |a Integration of the individual and corporate tax systems. 
740 0 |a Taxing business income once. 
999 |a MARS 
999 f f |s 900aba14-aa9e-3404-8fdc-62a5faf59551  |i 52af8793-fb61-3820-be78-182dbbb6c43c  |t 0 
952 f f |p normal  |a Texas A&M University  |b College Station  |c Sterling C. Evans Library  |d Evans: US Documents (Annex 5th floor)  |t 0  |e T 1.2:In 8/18  |h Superintendent of Documents classification  |i unmediated -- volume  |m A14816450341 
998 f f |a T 1.2:In 8/18  |t 0  |l Evans: US Documents (Annex 5th floor)